000 00793nam a22002297a 4500
999 _c63875
_d63875
005 20240530110703.0
008 171225s2015 ua a g b 000 0 ara d
017 _a2015/15373
_bمصر. دار الكتب
020 _a9789779104225
040 _aEG-CaGPL
_cEG-CaGPL
082 0 4 _221
_a161
_bى م
100 0 _aيمنى طريف الخولى
245 1 0 _aمفهوم المنهج العلمى /
_cتأليف يمنى طريف الخولى .
250 _aط.1
260 _aالقاهرة :
_bالهيئة المصرية العامة للكتاب ،
_c2015 .
300 _a219 ص. ؛
_c20 سم.
650 0 7 _2qrmak
_aالمنهج العلمى
_xتطوير
650 0 7 _2qrmak
_aالعلوم
651 _2qrmak
942 _2ddc
_cBK